000 00626nam a2200217 i 4500
001 C2-0325602
003 PPAK
005 20180728123620.0
008 140211s my |||| ||||| | may d
040 _aPPAK
_beng
_cPPAK
_erda
082 0 4 _a899.23309
_223
090 0 0 _a899.23309
_bKOL
_dKSS
245 0 0 _aKoleksi sinopsis novel :
_bprojek penulisan novel DBP & ASASI
264 1 _a[Alor Setar, Kedah] :
_b[ASASI] ,
300 _a22 pages ;
_c11 cm
336 _2rdacontent
_atext
337 _2rdamedia
_aunmediated
338 _2rdacarrier
_avolume
650 1 0 _aMalays fiction - Stories, plots, etc.
942 _ddc
_cB
999 _c125308
_d125308